Top 100 des plus grands youtubeurs au monde - Statistiques

Statistiques générales
  • Ce quiz a été pris 119 fois
  • Le résultat moyen est 3 sur 100
Statistiques - réponses
Nombre abonnés Nom de la chaîne Youtube % Correct
382 M MrBeast
100%
290 M T-Series
39%
110 M PewDiePie
37%
108 M WWE
8%
96,3 M BLACKPINK
7%
183 M SET India
6%
120 M Stokes Twins
6%
60,9 M Dude Perfect
5%
137 M Vlad and Niki
5%
49,8 M Bad Bunny
4%
126 M Like Nastya
4%
46,9 M MrBeast Gaming
4%
74,4 M UR Cristiano
4%
55,9 M Ariana Grande
3%
56,1 M Ed Sheeran
3%
104 M Goldmines
3%
75,1 M Justin Bieber
3%
133 M Kids Diana Show
3%
48 M Shakira
3%
60,8 M Taylor Swift
3%
116 M Zee Music Company
3%
89,2 M Alan’s Universe
2%
80 M BANGTANTV
2%
55,2 M Billie Eilish
2%
191 M Cocomelon - Nursery Rhymes
2%
64,5 M EminemMusic
2%
53 M JuegaGerman
2%
46,7 M Kimberly Loaiza
2%
66,7 M Mark Rober
2%
55,8 M Mikecrack
2%
49,7 M MrBeast 2
2%
100 M Sony SAB
2%
88,9 M Zee TV
2%
81,1 M 5-Minute Crafts
1%
77,2 M A4
1%
70,8 M Aaj Tak
1%
62,9 M Alejo Igoa
1%
81,1 M Baby Shark - Pinkfong Kids’ Songs & Stories
1%
79,8 M Colors TV
1%
68,5 M El Reino Infantil
1%
66 M Fede Vigevani
1%
47,2 M Felipe Neto
1%
48,5 M Fernanfloo
1%
66,9 M HAR PAL GEO
1%
76,9 M HYBE LABELS
1%
46,3 M IndiaTV
1%
54,1 M Jess No Limit
1%
57,8 M Marshmello
1%
48,6 M Ricis Official
1%
50,1 M shfa
1%
46 M Shorts Break
1%
53,5 M ToRung
1%
76,2 M ZAMZAM ELECTRONICS TRADING
1%
47,5 M ABP News
0%
52,1 M ABS-CBN Entertainment
0%
55,8 M आचार्य प्रशान्त - Acharya Prashant
0%
46,7 M Alan Walker
0%
51,2 M Alfredo Larin
0%
57,3 M Anaya Kandhal
0%
62,2 M ARY Digital HD
0%
47,6 M Badabun
0%
51,3 M BETER BÖCÜK
0%
57,6 M Billion Surprise Toys
0%
51,7 M Bispo Bruno Leonardo
0%
67,6 M Canal KondZilla
0%
95,7 M ChuChu TV Nursery Rhymes & Kids Songs
0%
48,6 M Dushyant kukreja
0%
48,9 M HUM TV
0%
69,1 M Infobells - Hindi
0%
49,2 M Ishtar Music
0%
58 M ISSEI / いっせい
0%
53,9 M JioHotstar Kids
0%
47,3 M Juan De Dios Pantoja
0%
97,8 M 김프로KIMPRO
0%
70,3 M KL BRO Biju Rithvik
0%
60 M LooLoo Kids - Nursery Rhymes and Children’s Songs
0%
51,7 M LUCCAS NETO
0%
47,6 M Maria Clara & JP
0%
63,8 M Movieclips
0%
58,5 M PANDA BOI
0%
46,3 M PowerKids TV
0%
51,9 M Real fools shorts official
0%
54,1 M Saregama Music
0%
57,9 M Shemaroo
0%
71,5 M Shemaroo Filmi Gaane
0%
49,7 M shfa2 - شفا
0%
64,7 M Sony Music India
0%
55,3 M SonyMusicIndiaVEVO
0%
46,5 M Speed Records
0%
54,7 M StarPlus
0%
74,1 M Tips Official
0%
60,5 M Topper Guild
0%
73,8 M Toys and Colors
0%
75,3 M T-Series Bhakti Sagar
0%
46,4 M T-Series Bollywood Classics
0%
46,4 M Você Sabia?
0%
65,1 M Wave Music
0%
60,9 M YOLO AVENTURAS
0%
64,7 M YRF
0%
54,8 M Zhong
0%
Aucun quiz correspondant
Distribution des résultats
% des personnes avec chaque résultat
Percentile par nombre de réponses
Votre historique - résultats
Vous n’avez pas pris ce quiz